<?xml version="1.0" encoding="UTF-8"?>
<record
    xmlns:xsi="http://www.w3.org/2001/XMLSchema-instance"
    xsi:schemaLocation="http://www.loc.gov/MARC21/slim http://www.loc.gov/standards/marcxml/schema/MARC21slim.xsd"
    xmlns="http://www.loc.gov/MARC21/slim">

  <leader>01318    a2200253   4500</leader>
  <datafield tag="999" ind1=" " ind2=" ">
    <subfield code="c">95062</subfield>
    <subfield code="d">95062</subfield>
  </datafield>
  <controlfield tag="005">20210420090104.0</controlfield>
  <controlfield tag="008">180806b        th ||||| |||| 00| 0 tha d</controlfield>
  <datafield tag="020" ind1=" " ind2=" ">
    <subfield code="a">9786167885636</subfield>
  </datafield>
  <datafield tag="040" ind1=" " ind2=" ">
    <subfield code="a">NALT</subfield>
  </datafield>
  <datafield tag="041" ind1="1" ind2=" ">
    <subfield code="a">tha</subfield>
    <subfield code="h">eng</subfield>
  </datafield>
  <datafield tag="050" ind1=" " ind2=" ">
    <subfield code="a">JA 85.2.U6 </subfield>
    <subfield code="b">&#xE25;769&#xE2D; 2561</subfield>
  </datafield>
  <datafield tag="100" ind1="1" ind2=" ">
    <subfield code="a">&#xE40;&#xE25;&#xE04;&#xE2D;&#xE1F;&#xE1F;&#xE4C;, &#xE08;&#xE2D;&#xE23;&#xE4C;&#xE08;</subfield>
    <subfield code="9">29966</subfield>
  </datafield>
  <datafield tag="245" ind1="1" ind2="0">
    <subfield code="a">&#xE2D;&#xE22;&#xE48;&#xE32;&#xE04;&#xE34;&#xE14;&#xE16;&#xE36;&#xE07;&#xE0A;&#xE49;&#xE32;&#xE07;! : &#xE04;&#xE39;&#xE48;&#xE21;&#xE37;&#xE2D;&#xE2A;&#xE23;&#xE49;&#xE32;&#xE07;&#xE01;&#xE32;&#xE23;&#xE40;&#xE21;&#xE37;&#xE2D;&#xE07;&#xE43;&#xE2B;&#xE21;&#xE48;&#xE1C;&#xE48;&#xE32;&#xE19;&#xE01;&#xE32;&#xE23;&#xE27;&#xE32;&#xE07;&#xE01;&#xE23;&#xE2D;&#xE1A;&#xE04;&#xE34;&#xE14;&#xE41;&#xE25;&#xE30;&#xE27;&#xE32;&#xE17;&#xE01;&#xE23;&#xE23;&#xE21;&#xE2A;&#xE32;&#xE18;&#xE32;&#xE23;&#xE13;&#xE30; =</subfield>
    <subfield code="b">The all new don't think of an elephant : know your values and frame the debate / </subfield>
    <subfield code="c">George Lakoff ; &#xE10;&#xE13;&#xE10; &#xE08;&#xE34;&#xE19;&#xE14;&#xE32;&#xE19;&#xE19;&#xE17;&#xE4C;, &#xE41;&#xE1B;&#xE25;.</subfield>
  </datafield>
  <datafield tag="250" ind1=" " ind2=" ">
    <subfield code="a">&#xE1E;&#xE34;&#xE21;&#xE1E;&#xE4C;&#xE04;&#xE23;&#xE31;&#xE49;&#xE07;&#xE41;&#xE23;&#xE01;</subfield>
  </datafield>
  <datafield tag="260" ind1=" " ind2=" ">
    <subfield code="a">&#xE01;&#xE23;&#xE38;&#xE07;&#xE40;&#xE17;&#xE1E;&#xE2F; :</subfield>
    <subfield code="b">&#xE42;&#xE2D;&#xE40;&#xE1E;&#xE48;&#xE19;&#xE40;&#xE27;&#xE34;&#xE25;&#xE14;&#xE4C;&#xE2A;, </subfield>
    <subfield code="c">2561.</subfield>
  </datafield>
  <datafield tag="300" ind1=" " ind2=" ">
    <subfield code="a">270 &#xE2B;&#xE19;&#xE49;&#xE32; ;</subfield>
    <subfield code="c">21 &#xE0B;&#xE21;.</subfield>
  </datafield>
  <datafield tag="650" ind1=" " ind2="4">
    <subfield code="9">29968</subfield>
    <subfield code="a">&#xE01;&#xE32;&#xE23;&#xE2A;&#xE37;&#xE48;&#xE2D;&#xE2A;&#xE32;&#xE23;&#xE17;&#xE32;&#xE07;&#xE01;&#xE32;&#xE23;&#xE40;&#xE21;&#xE37;&#xE2D;&#xE07; </subfield>
    <subfield code="z">&#xE2A;&#xE2B;&#xE23;&#xE31;&#xE10;&#xE2D;&#xE40;&#xE21;&#xE23;&#xE34;&#xE01;&#xE32;</subfield>
  </datafield>
  <datafield tag="651" ind1=" " ind2="4">
    <subfield code="9">14930</subfield>
    <subfield code="a">&#xE2A;&#xE2B;&#xE23;&#xE31;&#xE10;&#xE2D;&#xE40;&#xE21;&#xE23;&#xE34;&#xE01;&#xE32; </subfield>
    <subfield code="x">&#xE01;&#xE32;&#xE23;&#xE40;&#xE21;&#xE37;&#xE2D;&#xE07;&#xE41;&#xE25;&#xE30;&#xE01;&#xE32;&#xE23;&#xE1B;&#xE01;&#xE04;&#xE23;&#xE2D;&#xE07;</subfield>
  </datafield>
  <datafield tag="700" ind1="1" ind2=" ">
    <subfield code="9">29967</subfield>
    <subfield code="a">Lakoff, George </subfield>
  </datafield>
  <datafield tag="700" ind1="0" ind2=" ">
    <subfield code="a">&#xE10;&#xE13;&#xE10; &#xE08;&#xE34;&#xE19;&#xE14;&#xE32;&#xE19;&#xE19;&#xE17;&#xE4C;</subfield>
    <subfield code="9">27075</subfield>
  </datafield>
  <datafield tag="850" ind1=" " ind2=" ">
    <subfield code="a">NALT</subfield>
  </datafield>
  <datafield tag="942" ind1=" " ind2=" ">
    <subfield code="2">lcc</subfield>
    <subfield code="c">GB</subfield>
    <subfield code="0">1</subfield>
  </datafield>
  <datafield tag="998" ind1=" " ind2=" ">
    <subfield code="j">104</subfield>
    <subfield code="k"> &#xE2A;&#xE32;&#xE22;&#xE1D;&#xE19; &#xE14;&#xE35;&#xE07;&#xE32;&#xE21;</subfield>
  </datafield>
  <datafield tag="952" ind1=" " ind2=" ">
    <subfield code="0">0</subfield>
    <subfield code="1">0</subfield>
    <subfield code="2">lcc</subfield>
    <subfield code="4">0</subfield>
    <subfield code="7">0</subfield>
    <subfield code="8">CGBL</subfield>
    <subfield code="a">NALT</subfield>
    <subfield code="b">NALT</subfield>
    <subfield code="d">2018-08-01</subfield>
    <subfield code="e">59</subfield>
    <subfield code="g">265.50</subfield>
    <subfield code="l">0</subfield>
    <subfield code="o">JA 85.2.U6 &#xE25;769&#xE2D; 2561</subfield>
    <subfield code="p">3961208553</subfield>
    <subfield code="r">2018-08-23 00:00:00</subfield>
    <subfield code="t">&#xE09;.1</subfield>
    <subfield code="v">295.00</subfield>
    <subfield code="w">2018-08-01</subfield>
    <subfield code="y">GB</subfield>
  </datafield>
  <datafield tag="952" ind1=" " ind2=" ">
    <subfield code="0">0</subfield>
    <subfield code="1">0</subfield>
    <subfield code="2">lcc</subfield>
    <subfield code="4">0</subfield>
    <subfield code="7">0</subfield>
    <subfield code="8">CGBL</subfield>
    <subfield code="a">NALT</subfield>
    <subfield code="b">NALT</subfield>
    <subfield code="c">GEN</subfield>
    <subfield code="d">2019-02-11</subfield>
    <subfield code="e">3</subfield>
    <subfield code="g">265.50</subfield>
    <subfield code="l">1</subfield>
    <subfield code="o">JA 85.2.U6 &#xE25;769&#xE2D; 2561</subfield>
    <subfield code="p">3961209958</subfield>
    <subfield code="r">2020-11-30 00:00:00</subfield>
    <subfield code="s">2020-11-25</subfield>
    <subfield code="t">&#xE09;.2</subfield>
    <subfield code="v">295.00</subfield>
    <subfield code="w">2019-02-11</subfield>
    <subfield code="y">GB</subfield>
  </datafield>
</record>
